| 000 | 02227nam0a2200361 4500 | ||
|---|---|---|---|
| 001 | RU\NLR\BIBL_A\022663635 | ||
| 005 | 20260203132315.0 | ||
| 010 |
_a978-5-907926-80-6 _9500 |
||
| 021 |
_aRU _bКН-П-25-058138 _9КН-П-25-5598 |
||
| 035 | _a(NLR Aleph) 022663635 | ||
| 090 |
_a13543824 _c13543824 |
||
| 100 | _a20251112d2025 k y0rusy50 ca | ||
| 101 | 0 |
_arus _aeng |
|
| 102 | _aRU | ||
| 105 | _aa z 100yy | ||
| 181 | 0 |
_ai _baxxe |
|
| 182 | 0 | _an | |
| 200 | 1 |
_aИнтеллектуальный потенциал России 2025 _eсборник статей по итогам всероссийской научно-практической конференции с международным участием, 04 августа 2025 г., [г. Калуга] _fАгентство международных исследований _g[ответственный редактор: Сукиасян Асатур Альбертович, к. э. н.] |
|
| 203 |
_aТекст _bвизуальный _cнепосредственный |
||
| 210 |
_aСтерлитамак _cАгентство международных исследований _d2025 |
||
| 215 |
_a135 с. _cил., табл. _d21 |
||
| 300 | _aЧасть текста англ. | ||
| 320 | _aБиблиогр. в конце ст. | ||
| 606 | 1 |
_aНаучные конференции _jСборники _yКалуга, город _92436100 _3RU\NLR\AUTH\6601667657 |
|
| 686 | 1 | _aЯ431(2Р-4Калж-2К) | |
| 702 | 1 |
_4340 _7ca _8rus _aСукиасян _bА. А. _cканд. экон. наук _gАсатур Альбертович _9222547 _3RU\NLR\AUTH\770222603 |
|
| 711 | 1 | 2 |
_a"Интеллектуальный потенциал России 2025", всероссийская научно-практическая конференция с международным участием _eКалуга _92686238 _3RU\NLR\AUTH\880634868 |
| 712 | 0 | 2 |
_4475 _aАгентство международных исследований _cСтерлитамак _9430803 _3RU\NLR\AUTH\880382271 |
| 942 | _cBOOK | ||
| 980 | _aNB | ||